000
00481nam a2200169Ia 4500
008
090711s9999 xx 000 0 und d
082
_b
53259
100
_a
खांडेकर वि. स.
245
_a
निवडक कथा -2
260
_c
1986
300
_a
84
600
_a
खांडेकर वि. स.
630
_a
निवडक कथा -2
700
_a
खांडेकर वि. स.
730
_a
निवडक कथा -2
942
_c
BOOK
999
_c
309897
_d
309897